efficacy of trichoderma species to control southern blight ( Sclerotium rolfsii) ON mung bean ប្រសិទ្ធភាពនៃប្រភេទផ្សិតជីវសាស្ត្ត្រទ្រីកូឌឺម៉ា Trichoderma spp.​ការព្យាបាលជំងឺផ្សិតរលាកគល់ ( Sclerotium rolfsii) លើដំណាំសណ្តែកបាយ (Record no. 18234)

000 -LEADER
fixed length control field 00797nam a22001577a 4500
003 - CONTROL NUMBER IDENTIFIER
control field OSt
005 - DATE AND TIME OF LATEST TRANSACTION
control field 20190904144149.0
008 - FIXED-LENGTH DATA ELEMENTS--GENERAL INFORMATION
fixed length control field 190904b xxu||||| |||| 00| 0 eng d
040 ## - CATALOGING SOURCE
Transcribing agency RUA
082 ## - DEWEY DECIMAL CLASSIFICATION NUMBER
Classification number AGR LAM 2017 B646 Or.1
100 ## - MAIN ENTRY--PERSONAL NAME
9 (RLIN) 13908
Personal name LAM BUNSENG ឡាំ ប៊ុនសេង
245 ## - TITLE STATEMENT
Title efficacy of trichoderma species to control southern blight ( Sclerotium rolfsii) ON mung bean ប្រសិទ្ធភាពនៃប្រភេទផ្សិតជីវសាស្ត្ត្រទ្រីកូឌឺម៉ា Trichoderma spp.​ការព្យាបាលជំងឺផ្សិតរលាកគល់ ( Sclerotium rolfsii) លើដំណាំសណ្តែកបាយ
260 ## - PUBLICATION, DISTRIBUTION, ETC. (IMPRINT)
Place of publication, distribution, etc. RUA
Name of publisher, distributor, etc. phnom penh
Date of publication, distribution, etc. 2017
300 ## - PHYSICAL DESCRIPTION
Extent x;38p
Other physical details ill;
Dimensions 29cm
942 ## - ADDED ENTRY ELEMENTS (KOHA)
Source of classification or shelving scheme
Koha item type AGR
Holdings
Price effective from Date last seen Permanent Location Not for loan Date acquired Source of classification or shelving scheme Koha item type Lost status Withdrawn status Total Renewals Date last checked out Total Checkouts Shelving location Damaged status Barcode Current Location Full call number
2019-09-042024-07-31Library Block B 2019-09-04 AGR  12024-07-167B646 A44161Library Block BAGR LAM 2017 B646 Or.1
2019-09-042025-06-25Library Block B 2019-09-04 AGR   2025-06-044B646 A44236Library Block BAGR LAM 2017 B646 Or.2
2019-09-042022-07-13Library Block B 2019-09-04 AGR  32022-06-175B646 A44361Library Block BAGR LAM 2017 B646 Or.3
2019-09-042020-07-24Library Block B 2019-09-04 AGR   2020-07-102B646 A44386Library Block BAGR LAM 2017 B646 Or.4
2019-09-042019-10-11Library Block B 2019-09-04 AGR   2019-10-071B646 A44391Library Block BAGR LAM 2017 B646 Or.5
2019-09-042026-03-04Library Block B 2019-09-04 AGR   2026-02-027B646 A43947Library Block BAGR LAM 2017 B646 Or.6
មជ្ឈមណ្ឌលឯការនៃសាកលវិទ្យាល័យភូមិន្ទកសិកម្មចំការដូង

Powered by Koha